| 000 | 01071nam a22003617a 4500 | ||
|---|---|---|---|
| 001 | 0003091 | ||
| 003 | KOHA_MİRAKIL | ||
| 005 | 20260207001327.0 | ||
| 007 | ta | ||
| 008 | 090318b2004 tu |||gr||||#0|||1|tur | | ||
| 020 | _a09758513168 | ||
| 040 |
_aTR-BiSEU _btur _cTR-BiSEU _erda |
||
| 041 | 0 | _atur | |
| 044 | _ctu | ||
| 050 |
_aPL248.N36 _bI58 2004 |
||
| 100 | 0 | _aNamık Kemal . | |
| 245 | 1 |
_aİntibah : _b(Uyanış)/ _cNamık Kemal ; Namık Kemal; çeviren A. Basad Kocaoğlu. |
|
| 264 | 1 |
_aİstanbul : _bOkumuş Adam Yayınları _c2004 |
|
| 300 | _a128 sayfa | ||
| 336 |
_ametin _btxt _2rdacontent |
||
| 337 |
_aaracısız _bn _2rdamedia |
||
| 338 |
_acilt _bnc _2rdacarrier |
||
| 490 | 1 |
_aOkumuş Adam Yayınları ; _vno. |
|
| 490 | 1 | _a26. | |
| 490 | 1 |
_aTürk Edebiyat Klasikleri Dizisi ; _v01. |
|
| 650 | 0 |
_aTürk romanı. _95504 |
|
| 650 | 0 |
_aTurkish fiction. _96661 |
|
| 830 | 1 |
_aOkumuş Adam Yayınları ; _vno. _96251 |
|
| 830 | 1 |
_a26. _96909 |
|
| 830 | 1 |
_aTürk Edebiyat Klasikleri Dizisi ; _v01. _97890 |
|
| 907 | _aRoman | ||
| 942 |
_2lcc _cBK |
||
| 999 |
_c3075 _d3075 |
||